| 000 | 00423nam a2200145Ia 4500 | ||
|---|---|---|---|
| 008 | 220216s9999 xx 000 0 und d | ||
| 100 | _aVijayakumar K R | ||
| 245 | 0 | _aRain guarding for modern methods for natural rubber latex harvest technology | |
| 260 |
_bIndian Rubber Journal _c2012 |
||
| 300 | _a72-73 | ||
| 500 | _aSource Year: 2012 | ||
| 650 | _aLatex harvest technology | ||
| 650 | _aRain guarding | ||
| 942 | _cJS | ||
| 999 |
_c66280 _d66280 |
||